Mon top 5 des Pixar - Statistiques

Statistiques générales
  • Ce quiz a été pris 118 fois
  • Le résultat moyen est 3 sur 5
Statistiques - réponses
Réponse % Correct
Cars
90%
Les Indestructibles
56%
Cars 2
55%
Monstres et Compagnie
43%
Monstres Academy
26%
Aucun quiz correspondant
Distribution des résultats
% des personnes avec chaque résultat
Percentile par nombre de réponses
Votre historique - résultats
Vous n’avez pas pris ce quiz